000 01395nam0a22002651 4500
001 rc\3265880
005 20260407215657.0
021 _aRU
_b[73-59210]
035 _a(NLR Aleph) 007486004
090 _a7566988
_c7566988
100 _a20130115d1973 |||y0rusy50 ca
101 0 _arus
102 _aRU
105 _ay z |||||
200 1 _aРекомендации по обобщению результатов работы углеобогатительных фабрик МУП УССР, переведенных на щекинский метод оплаты труда
_f... Укр. науч.-исслед. и проектно-конструкт. ин-т по обогащению и брикетированию угля "Укрнииуглеобогащение". Лаб. исследования эффективности производства
210 _aВорошиловград
_cБ. и.
_d1973
215 _a40 с.
_d21
320 _aСписок лит. в конце книги (7 назв.)
606 _aУглеобогатительные фабрики
_xЭкономическое стимулирование
_2psbo
710 0 1 _aУССР
_bМинистерство угольной промышленности
_3RU\NLR\AUTH\8810145735
_9785785
801 0 _aRU
_bNLR
_gpsbo
801 1 _aRU
_bELAR
_2rusmarc
852 _aNLR
_j73-4/24962
942 _cBOOK
980 _aNB